000 00314nam a2200133 i 4500
001 bg
100 1 _aKOLMAN, Romuald
245 0 _aIlościowe określanie jakości /
_cRomuald Kolman.
260 _aWarszawa,
_c1973.
040 _cBPK
041 _apol
942 _cKS
008 s pl f |000 0 pol
999 _c26942
_d26942
856 _uhttp://koha.tu.koszalin.pl/cgi-bin/koha/opac-detail.pl?biblionumber=26942
_yKatalog online BPK